LEADER 01147nam a2200241 4500 001 000000366978 003 CaOOAMICUS 005 20260326170616.0 008 260323s200? it a 000 u ita r 040 $aSeMil$bita 100 1 $aBosio, Luigi,$c.$0(OLS)http://semarc/name/46390 245 13$aLa Madonna della Neve :$bdel Museo storico di Aloisiano di Castiglione delle Stiviere /$cLuigi Bosio. 264 1$a[S.l. :$bs.n.,$c200?] 300 $a1 v. senza paginazione :$bricc. ill. ;$c28 cm 500 $aAi pič del front.: Estratto dalla "Cittadella", n. 22 del 29 maggio 1977 650 4$aCastiglione delle Stiviere - Museo storico aloisiano . Madonna della Neve.$0(OLS)http://semarc/subject/59878 850 $aSeMil 852 $aSeMil$W1$xVenegono$y1$m5C VIII 10/26$j270118$B257722$CSeMilBibl$Z2$F257722 $81 941 1 $a7 961 $aOmaggio mons. Mario Delpini 996 $6245$aLa Madonna della Neve :$bdel Museo storico di Aloisiano di Castiglione delle Stiviere$9(OLS)http://semarc/title/458788 996 $6264$a[S.l. :$bs.n.$9(OLS)http://semarc/publisher/31686